000 00987nam a2200253 a 4500
001 000030509
003 DO-SdBNP
005 20250217091458.0
008 110523s2016 dr ac 001 0dspa d
040 _aDO-SdBNP
_bspa
_cBNPHU
082 _axxx
_bA772b
100 1 _a Sáez , José Luis
_d1937-
_9620
110 _aArquidiócesis de Santo Domingo
_953674
245 1 0 _aBodas de oro sacerdotal 1966-2016 Monseñor doctor Rafael Bello Peguero, Pbro./
_cNicolás de Jesús Cardenal López Rodríguez Arzobispo Metropolitano de Santo Domingo Primado de América
260 _aSanto Domingo :
_bArzobispado de Santo Domingo,
_c2016.
300 _a28 p. :
_bil., retrs. ;
_c22 cm.
590 _aInventariado, 2022 / DG
650 4 _aIglesia católica
_zRepública Dominicana
_xHistoria
_9358
650 0 _aClero
_919068
700 1 _a López Rodríguez, Nicolás de Jesús,
_d1936-
_epresent.
_9670
710 2 _aArquidiócesis de Santo Domingo
_953674
910 _aDG
942 _2ddc
_cLF2
999 _c52614
_d52614